Political philosophy : (Record no. 2640)
[ view plain ]
| 000 -LEADER | |
|---|---|
| fixed length control field | 02399cam a22003014a 4500 |
| 001 - CONTROL NUMBER | |
| control field | 16284035 |
| 003 - CONTROL NUMBER IDENTIFIER | |
| control field | GZU |
| 005 - DATE AND TIME OF LATEST TRANSACTION | |
| control field | 20201104113619.0 |
| 008 - FIXED-LENGTH DATA ELEMENTS--GENERAL INFORMATION | |
| fixed length control field | 100615s2011 nyu b 001 0 eng |
| 010 ## - LIBRARY OF CONGRESS CONTROL NUMBER | |
| LC control number | 2010024895 |
| 020 ## - INTERNATIONAL STANDARD BOOK NUMBER | |
| International Standard Book Number | 9781107000438 (hardback) |
| 020 ## - INTERNATIONAL STANDARD BOOK NUMBER | |
| International Standard Book Number | 9780521169011 (pbk.) |
| 040 ## - CATALOGING SOURCE | |
| Original cataloging agency | DLC |
| Transcribing agency | DLC |
| Modifying agency | DLC |
| 042 ## - AUTHENTICATION CODE | |
| Authentication code | pcc |
| 050 00 - LIBRARY OF CONGRESS CALL NUMBER | |
| Classification number | JA71 |
| Item number | .S788 2011 |
| 082 00 - DEWEY DECIMAL CLASSIFICATION NUMBER | |
| Classification number | 320.01 |
| Edition number | 22 |
| 100 1# - MAIN ENTRY--PERSONAL NAME | |
| Personal name | Stevens, Richard G., |
| Dates associated with a name | 1925- |
| 245 10 - TITLE STATEMENT | |
| Title | Political philosophy : |
| Remainder of title | an introduction / |
| Statement of responsibility, etc. | Richard G. Stevens. |
| 260 ## - PUBLICATION, DISTRIBUTION, ETC. | |
| Place of publication, distribution, etc. | New York : |
| Name of publisher, distributor, etc. | Cambridge University Press, |
| Date of publication, distribution, etc. | 2011. |
| 300 ## - PHYSICAL DESCRIPTION | |
| Extent | xxi, 309 p. ; |
| Dimensions | 24 cm. |
| 504 ## - BIBLIOGRAPHY, ETC. NOTE | |
| Bibliography, etc. note | Includes bibliographical references and index. |
| 505 8# - FORMATTED CONTENTS NOTE | |
| Formatted contents note | Machine generated contents note: Part I. The Nature and Origin of Political Philosophy: 1. What philosophy is; 2. The origin of philosophy; 3. The nature of politics; 4. The origin of political philosophy; Part II. The Problem of Political Philosophy: 5. The best city; 6. Moderation; Part III. The Permutations of Political Philosophy: 7. Ancient and medieval political philosophy; 8. A kind of betrayal; 9. Modern political philosophy and post-modern thought; 10. Ancients and moderns; Epilogue. |
| 520 ## - SUMMARY, ETC. | |
| Summary, etc. | "This book by Richard G. Stevens is a comprehensive introduction to the nature of political philosophy. It offers definitions of philosophy and politics, showing the tension between the two and the origin of political philosophy as a means of resolution of that tension. Plato and Aristotle are examined in order to see the search for the best political order. Inquiry is then made into political philosophy's new tension brought about by the growth of revealed religion in the Middle Ages. It then examines the changes introduced by modernity and gives an overview of postmodern political thought. The book covers the most influential philosophers and directs readers to the classics of political philosophy, guiding them in studying them. It is an approachable introduction to a complex subject, not just a history of it. It is a point of entry into the subject for students and for others as well"-- |
| Assigning source | Provided by publisher. |
| 650 #0 - SUBJECT ADDED ENTRY--TOPICAL TERM | |
| Topical term or geographic name entry element | Political science |
| General subdivision | Philosophy. |
| 906 ## - LOCAL DATA ELEMENT F, LDF (RLIN) | |
| a | 7 |
| b | cbc |
| c | orignew |
| d | 1 |
| e | ecip |
| f | 20 |
| g | y-gencatlg |
| 942 ## - ADDED ENTRY ELEMENTS (KOHA) | |
| Source of classification or shelving scheme | Library of Congress Classification |
| Koha item type | Books |
| Classification part | 71 |
| Item part | STE |
| Call number prefix | JA |
| Call number suffix | 2010 |
| Withdrawn status | Lost status | Damaged status | Not for loan | Collection code | Home library | Current library | Shelving location | Date acquired | Total Checkouts | Full call number | Barcode | Date last seen | Date last checked out | Copy number | Price effective from | Koha item type |
|---|---|---|---|---|---|---|---|---|---|---|---|---|---|---|---|---|
| Non-fiction | City Campus Library | City Campus Library | General Stacks | 11/04/2020 | 1 | JA71 STE 2010 | 003801 | 06/30/2022 | 06/23/2022 | c.1 | 11/04/2020 | Books |